The adventures of Sherlock Holmes / (Record no. 13326)

MARC details
000 -LEADER
fixed length control field 04138nam a22005657a 4500
003 - CONTROL NUMBER IDENTIFIER
control field dpl
005 - DATE AND TIME OF LATEST TRANSACTION
control field 20080605152718.0
008 - FIXED-LENGTH DATA ELEMENTS--GENERAL INFORMATION
fixed length control field 080530t xxu||||| |||| 00| 0 eng d
020 ## - INTERNATIONAL STANDARD BOOK NUMBER
International Standard Book Number 8188148539
Terms of availability 135.00
035 ## - SYSTEM CONTROL NUMBER
System control number B-265994-266016
082 ## - DEWEY DECIMAL CLASSIFICATION NUMBER
Classification number S
100 ## - MAIN ENTRY--PERSONAL NAME
Personal name Sasaki, Chris
245 ## - TITLE STATEMENT
Title The adventures of Sherlock Holmes /
Statement of responsibility, etc retold from the Arthur Conan Doyle original by Chris Sasaki; illustrated by Lucy Corvino
260 ## - PUBLICATION, DISTRIBUTION, ETC. (IMPRINT)
Place of publication, distribution, etc New Delhi
Name of publisher, distributor, etc Dolphin Press
Date of publication, distribution, etc 2006
260 ## - PUBLICATION, DISTRIBUTION, ETC. (IMPRINT)
Place of publication, distribution, etc New Delhi
Name of publisher, distributor, etc Blue Berry (Vender)
Date of publication, distribution, etc 2006
270 ## - ADDRESS
City New Delhi
Address B-17, 2nd Floor, Lajpat Nagar, Part 2,
Postal code 110024
300 ## - PHYSICAL DESCRIPTION
Extent 151p.
Dimensions 20 cm (Hb)
Other physical details ill.
490 ## - SERIES STATEMENT
Series statement Classic starts
700 ## - ADDED ENTRY--PERSONAL NAME
Personal name Corvino, Lucy
700 ## - ADDED ENTRY--PERSONAL NAME
Personal name Keene, Carolyn
700 ## - ADDED ENTRY--PERSONAL NAME
Personal name Dixon, Franklin W.
700 ## - ADDED ENTRY--PERSONAL NAME
Personal name Dixon, Franklin W.
700 ## - ADDED ENTRY--PERSONAL NAME
Personal name Henrique, Paulo
700 ## - ADDED ENTRY--PERSONAL NAME
Personal name Dixon, Franklin W.
942 ## - ADDED ENTRY ELEMENTS (KOHA)
Source of classification or shelving scheme Dewey Decimal Classification
Koha item type Children Books
Classification part S
Call number suffix SAS
Holdings
Withdrawn status Lost status Damaged status Not for loan Collection code Home library Current library Date acquired Cost, normal purchase price Total Checkouts Full call number Barcode Date last seen Copy number Cost, replacement price Price effective from Koha item type Public note Source of classification or shelving scheme Source of acquisition Total Renewals Date checked out
        Fiction Andrews Gunj Andrews Gunj 17/07/2008 135.00   S / SAS B-266004 15/09/2008 1 135.00 15/09/2008 Children Books          
        Fiction Bawana Bawana 17/07/2008 135.00   S / SAS B-266010 15/09/2008 1 135.00 15/09/2008 Children Books          
        Fiction Central Library Central Library 17/07/2008 135.00   S / SAS B-265999 15/09/2008 1 135.00 15/09/2008 Children Books          
        Fiction Jagrati Enclave Jagrati Enclave 17/07/2008 135.00   S / SAS B-266014 15/09/2008 1 135.00 15/09/2008 Children Books          
        Fiction Jor Bagh (Children Lib) Jor Bagh (Children Lib) 17/07/2008 135.00   S / SAS B-266006 15/09/2008 1 135.00 15/09/2008 Children Books          
        Fiction Karol Bagh Karol Bagh 17/07/2008 135.00   S / SAS B-266008 15/09/2008 1 135.00 15/09/2008 Children Books          
        Fiction Mobile Library Mobile Library 17/07/2008 135.00   S / SAS B-265995 15/09/2008 4 135.00 15/09/2008 Children Books          
Written off       Fiction Mobile Library Mobile Library 17/07/2008 135.00   S / SAS B-265994 15/09/2008 4 135.00 15/09/2008 Children Books Written off on approval by DLB (By Circulation); dtd 15-06-2023        
Written off       Fiction Mobile Library Mobile Library 17/07/2008 135.00   S / SAS B-265996 15/09/2008 4 135.00 15/09/2008 Children Books Written off on approval by DLB (By Circulation); dtd 15-06-2023        
        Fiction Mobile Library Mobile Library 17/07/2008 135.00   S / SAS B-265997 15/09/2008 4 135.00 15/09/2008 Children Books          
Written off       Fiction Narela Narela 17/07/2008 135.00   S / SAS B-266009 15/09/2008 1 135.00 15/09/2008 Children Books Written off on approval by DLB (By Circulation); dtd 20.12.2022        
        Fiction Netaji Nagar Netaji Nagar 17/07/2008 135.00   S / SAS B-266007 15/09/2008 1 135.00 15/09/2008 Children Books          
        Fiction New Police Line New Police Line 17/07/2008 135.00   S / SAS B-265998 15/09/2008 1 135.00 15/09/2008 Children Books          
        Fiction Patel Nagar Patel Nagar 17/07/2008 135.00   S / SAS B-266000 15/09/2008 1 135.00 15/09/2008 Children Books          
Written off Written-off vide DLB M. No. 388 dt 23.02.22     Fiction Peshwa Road Peshwa Road 17/07/2008 135.00   S / SAS B-266001 15/09/2008 1 135.00 15/09/2008 Children Books   Dewey Decimal Classification      
Withdrawn       Fiction R.C.Libraries (zls) R.C.Libraries (zls) 17/07/2008 135.00   S / SAS B-266016 15/09/2008 1 135.00 15/09/2008 Children Books          
        Fiction R.K.Puram-8 R.K.Puram-8 17/07/2008 135.00   S / SAS B-266003 15/09/2008 1 135.00 15/09/2008 Children Books          
        Fiction Sarojini Nagar Sarojini Nagar 17/07/2008 135.00   S / SAS B-266002 15/09/2008 1 135.00 15/09/2008 Children Books          
  Lost and Paid For     Fiction Sarojini Nagar Sarojini Nagar 17/07/2008 135.00   S / SAS B-266015 15/09/2008 1 135.00 15/09/2008 Children Books   Dewey Decimal Classification      
        Fiction Shahdara Branch Shahdara Branch 17/07/2008 135.00   S / SAS B-266011 15/09/2008 1 135.00 15/09/2008 Children Books          
        Fiction Sriniwas Puri Sriniwas Puri 17/07/2008 135.00   S / SAS B-266005 15/09/2008 1 135.00 15/09/2008 Children Books          
        Fiction Vigyan Vihar Vigyan Vihar 17/07/2008 135.00   S / SAS B-266013 15/09/2008 1 135.00 15/09/2008 Children Books          
        Fiction Vinoba Puri Vinoba Puri 02/09/2008 135.00 8 S SAS B-284669 03/08/2010 1 135.00 15/09/2008 Children Books     Blueberry/4571/19.8.08/192/21.7.08/19.8.08 4 16/06/2010
        Fiction Yojana Vihar Yojana Vihar 17/07/2008 135.00   S / SAS B-266012 15/09/2008 1 135.00 15/09/2008 Children Books          

© Delhi Public Library
Hit Counter
free hit counter